00471nam a2200181 a 4500001001300000003000900013005001700022008004100039020001000080082001500090245001900105260004700124300000800171500003500179505002000214650002200234710003300256nice12345678IN_TiNIC20260116011318.0050524s1897 mada grp 000 0 eng  ac10000a269.2bCLS aLands of Islam aMadrasbChristian Literature Societyc1897 a52p aincludes index and biblioraphy2 aQuranic Science aEvangelistic Work2 aChristian Literature Society